[Event "SRB-chT (Women) Div1"]
[Site "Senta"]
[Date "2023.10.14"]
[Round "5.4"]
[White "Rakic, Teodora"]
[Black "Vuckovic, Lidija"]
[Result "1-0"]
[WhiteElo "1978"]
[BlackElo "1833"]
[PlyCount "95"]
[EventDate "2023.10.10"]
[EventType "team-tourn"]
[EventRounds "11"]
[EventCountry "SRB"]
[SourceTitle "Mega2024 Update 01"]
[Source "Chessbase"]
[SourceDate "2023.11.12"]
[SourceVersion "1"]
[SourceVersionDate "2023.11.12"]
[SourceQuality "1"]
[WhiteTeam "Belgrade Rad (W)"]
[BlackTeam "Nova Varos Zlatar (W)"]
[WhiteTeamCountry "SRB"]
[BlackTeamCountry "SRB"]

1. d4 Nf6 2. c4 c5 3. Nf3 cxd4 4. Nxd4 Nc6 5. Nc3 g6 6. Nxc6 bxc6 7. e4 d6 8. Be2 Bg7 9. 0-0 0-0 10. h3 a5 11. Qc2 Ba6 12. Rd1 Qc7 13. Bf4 Nd7 14. Na4 c5 15. Nc3 Rfe8 16. Rab1 Nb6 17. b3 Bb7 18. Nb5 Qb8 19. Be3 Bc6 20. a4 Rf8 21. f4 Qb7 22. Bd3 Nd7 23. Re1 Rfd8 24. Re2 Rac8 25. Bd2 Ra8 26. Qc1 Nf8 27. Qe1 Qb6 28. Kh1 Ne6 29. f5 Nd4 30. Nxd4 Bxd4 31. Qh4 Bf6 32. Qg3 Be5 33. Qf3 Rf8 34. Bc2 Qd8 35. Rf1 Bg7 36. Ref2 Bd4 37. Re2 Bg7 38. Qd3 Bd7 39. Ref2 Bd4 40. Rf3 Bg7 41. h4 Be8 42. h5 gxh5 43. f6 exf6 44. e5 f5 45. Qxf5 f6 46. Qxh7+ Kf7 47. exf6 Ke6 48. Bf5+ 1-0

[Event "SRB-chT (Women) Div1"]
[Site "Vrnjacka Banja"]
[Date "2021.09.16"]
[Round "11.4"]
[White "Benderac, Ana"]
[Black "Vuckovic, Lidija"]
[Result "1-0"]
[WhiteElo "2156"]
[BlackElo "1865"]
[PlyCount "63"]
[EventDate "2021.09.07"]
[EventType "tourn"]
[EventRounds "11"]
[EventCountry "SRB"]
[SourceTitle "CBM 204 Extra"]
[Source "ChessBase"]
[SourceDate "2021.11.30"]
[SourceVersion "1"]
[SourceVersionDate "2021.11.30"]
[SourceQuality "1"]
[WhiteTeam "Belgrade Bas (W)"]
[BlackTeam "Novi Varos Zlatar (W)"]
[WhiteTeamCountry "SRB"]
[BlackTeamCountry "SRB"]

1. d4 Nf6 2. Nf3 d5 3. Bf4 e6 4. e3 c6 5. Nbd2 Be7 6. Bd3 0-0 7. h3 Nbd7 8. c3 Qb6 9. Qc2 c5 10. 0-0 c4 11. Be2 Qc6 12. a4 a5 13. b3 cxb3 14. Qxb3 b6 15. Bb5 Qb7 16. Rfc1 Ne8 17. c4 dxc4 18. Rxc4 Qa7 19. Rac1 e5 20. Nxe5 Nxe5 21. Rxc8 Ng6 22. Bg3 Bd6 23. Bxe8 Rxc8 24. Rxc8 Bxg3 25. fxg3 Qe7 26. Bxf7+ Kh8 27. Rxf8+ Nxf8 28. e4 Qc7 29. Nf1 g6 30. e5 Kg7 31. e6 Qd6 32. Qe3 1-0

[Event "SRB-chT (Women) Div1"]
[Site "Vrnjacka Banja"]
[Date "2021.09.11"]
[Round "6.4"]
[White "Vuckovic, Lidija"]
[Black "Blagojevic, Tijana"]
[Result "0-1"]
[WhiteElo "1865"]
[BlackElo "2267"]
[PlyCount "104"]
[EventDate "2021.09.07"]
[EventType "tourn"]
[EventRounds "11"]
[EventCountry "SRB"]
[SourceTitle "CBM 204 Extra"]
[Source "ChessBase"]
[SourceDate "2021.11.30"]
[SourceVersion "1"]
[SourceVersionDate "2021.11.30"]
[SourceQuality "1"]
[WhiteTeam "Novi Varos Zlatar (W)"]
[BlackTeam "Nis Osnovac (W)"]
[WhiteTeamCountry "SRB"]
[BlackTeamCountry "SRB"]

1. d4 d5 2. Bf4 Nf6 3. Nd2 c5 4. c3 Nc6 5. e3 Bf5 6. Ngf3 e6 7. Be2 Be7 8. 0-0 0-0 9. h3 h6 10. Ne5 Rc8 11. Ndf3 Ne4 12. dxc5 Nxe5 13. Bxe5 Bxc5 14. Nd4 Bh7 15. Qc1 Qe7 16. Nb3 Bb6 17. Nd2 Nc5 18. Bg3 Nd3 19. Bxd3 Bxd3 20. Rd1 Rfd8 21. Nf3 Be4 22. Qd2 f6 23. Qe2 Bg6 24. Nh4 Bf7 25. Qg4 Qe8 26. Qe2 Bh5 27. Nf3 e5 28. Qc2 e4 29. Nh4 Qe6 30. Re1 g5 31. f4 gxh4 32. Bxh4 Kh7 33. Qf2 Rg8 34. Kh1 f5 35. Rg1 Rg7 36. g4 Bf7 37. Rg3 Rcg8 38. Rag1 Bc5 39. R3g2 Be8 40. gxf5 Qxf5 41. Rxg7+ Rxg7 42. Rxg7+ Kxg7 43. Kh2 Bh5 44. Bd8 Bf3 45. Bc7 Qg6 46. Be5+ Kf7 47. Bd4 b6 48. Qd2 Be7 49. Be5 Ke6 50. c4 dxc4 51. Qc2 b5 52. b3 Bh4 0-1

[Event "SRB-chT (Women)"]
[Site "Valjevo"]
[Date "2020.09.29"]
[Round "7.1"]
[White "Vuckovic, Lidija"]
[Black "Blagojevic, Tijana"]
[Result "0-1"]
[WhiteElo "1885"]
[BlackElo "2194"]
[PlyCount "160"]
[EventDate "2020.09.25"]
[EventType "team-tourn"]
[EventRounds "11"]
[EventCountry "SRB"]
[SourceTitle "CBM 198 Extra"]
[Source "ChessBase"]
[SourceDate "2020.11.30"]
[SourceVersion "1"]
[SourceVersionDate "2020.11.30"]
[SourceQuality "1"]
[WhiteTeam "N Varos Zlatar (W)"]
[BlackTeam "Goracici Jelica (W)"]
[WhiteTeamCountry "SRB"]
[BlackTeamCountry "SRB"]

1. d4 d5 2. Bf4 c5 3. c3 Nc6 4. e3 Nf6 5. Nd2 Bf5 6. Ngf3 e6 7. Qb3 Qc8 8. c4 cxd4 9. exd4 Bb4 10. Qa4 0-0 11. Rc1 Ne4 12. cxd5 exd5 13. Bb5 Nxd2 14. Nxd2 Qe6+ 15. Kf1 a5 16. a3 Bxd2 17. Bxd2 Qg6 18. Rc3 Bd7 19. Bxc6 Bxc6 20. Qc2 Qf6 21. Be3 Rfe8 22. Qd2 Re4 23. f3 Rae8 24. Kf2 Qh4+ 25. g3 Qf6 26. Re1 h6 27. Kg2 R4e6 28. Rcc1 Bd7 29. Bf2 a4 30. Rxe6 Qxe6 31. Re1 Qh3+ 32. Kg1 Rc8 33. Rc1 Rxc1+ 34. Qxc1 Bb5 35. Qe1 h5 36. Be3 Qf5 37. Qf2 f6 38. Kg2 Qb1 39. h4 Bd3 40. Bf4 Kh7 41. Kh2 Bc2 42. g4 hxg4 43. fxg4 Qxb2 44. Bd6 Qb1 45. h5 Be4 46. Kg3 Qc1 47. Bb4 Qh1 48. Bd2 Kg8 49. Be1 b6 50. Bd2 Qa1 51. Bb4 Qb1 52. Bd2 Qb2 53. Qe3 Qb3 54. Kf2 Qd1 55. Kg3 f5 56. gxf5 Qxh5 57. f6 gxf6 58. Qf4 Kf7 59. Qc7+ Kg6 60. Qf4 Qg5+ 61. Qxg5+ fxg5 62. Bb4 Kf5 63. Bd6 Bc2 64. Bc7 b5 65. Bb6 Bd1 66. Bc5 g4 67. Bb4 Ke4 68. Bc5 Kd3 69. Kf2 b4 70. Bxb4 Kxd4 71. Ke1 Bf3 72. Kd2 Kc4 73. Bd6 d4 74. Be5 Kd5 75. Bc7 Ke4 76. Bd6 Bg2 77. Ke2 d3+ 78. Kf2 Bf3 79. Bb4 Kd4 80. Bd6 d2 0-1

[Event "SRB-chT (Women)"]
[Site "Valjevo"]
[Date "2020.09.28"]
[Round "5.1"]
[White "Vuckovic, Lidija"]
[Black "Miladinovic, Lena"]
[Result "0-1"]
[WhiteElo "1885"]
[BlackElo "2066"]
[PlyCount "150"]
[EventDate "2020.09.25"]
[EventType "team-tourn"]
[EventRounds "11"]
[EventCountry "SRB"]
[SourceTitle "CBM 198 Extra"]
[Source "ChessBase"]
[SourceDate "2020.11.30"]
[SourceVersion "1"]
[SourceVersionDate "2020.11.30"]
[SourceQuality "1"]
[WhiteTeam "N Varos Zlatar (W)"]
[BlackTeam "Rudovci Radnicki (W)"]
[WhiteTeamCountry "SRB"]
[BlackTeamCountry "SRB"]

1. d4 Nf6 2. Nf3 e6 3. e3 c5 4. Bd3 d6 5. 0-0 Nbd7 6. c3 g6 7. Nbd2 Bg7 8. Re1 0-0 9. e4 e5 10. Nc4 Qc7 11. dxe5 Nxe5 12. Nfxe5 dxe5 13. Qc2 b5 14. Na3 c4 15. Bf1 a6 16. f3 Be6 17. Be3 Nd7 18. Rad1 Nc5 19. Qf2 Na4 20. Qc2 Rfd8 21. Re2 Bf8 22. Nb1 Rd3 23. Bf2 Nxb2 24. Rc1 Na4 25. Ree1 Rd7 26. g4 Bc5 27. Kg2 Bxf2 28. Qxf2 Rad8 29. Qe3 Nb2 30. h4 Nd3 31. Bxd3 Rxd3 32. Qg5 Qa5 33. a3 Qc7 34. h5 Qd6 35. Rh1 f6 36. Qh6 Qf8 37. hxg6 Qxh6 38. Rxh6 hxg6 39. Rxg6+ Kf7 40. Rh6 Re3 41. Rh7+ Kf8 42. Rch1 Bf7 43. Rh8+ Bg8 44. R8h6 Kg7 45. R6h5 Rdd3 46. R5h3 Re2+ 47. Kg3 Rxe4 48. Kf2 Rf4 49. Ke2 e4 50. fxe4 Rxe4+ 51. Kf2 Rf4+ 52. Ke2 Rxh3 53. Rxh3 Be6 54. Ke3 Rxg4 55. Rh2 Rg3+ 56. Kf4 Rd3 57. Rg2+ Kf7 58. Rh2 Bd5 59. Re2 Kg6 60. Rd2 Rf3+ 61. Kg4 Rf1 62. Rxd5 Rxb1 63. Rd6 a5 64. Ra6 a4 65. Rb6 Rb3 66. Kf4 Rxa3 67. Rxb5 Rxc3 68. Ra5 a3 69. Ke4 Rb3 70. Kd4 c3 71. Kd3 c2+ 72. Kxc2 Rh3 73. Kd1 f5 74. Ke1 a2 75. Kf2 Rh1 0-1

[Event "SRB-chT (Women)"]
[Site "Subotica"]
[Date "2019.08.28"]
[Round "7.5"]
[White "Benderac, Ana"]
[Black "Vuckovic, Lidija"]
[Result "1/2-1/2"]
[WhiteElo "2228"]
[BlackElo "1866"]
[PlyCount "80"]
[EventDate "2019.08.22"]
[EventType "team-tourn"]
[EventRounds "11"]
[EventCountry "SRB"]
[SourceTitle "EXT 2020"]
[Source "ChessBase"]
[SourceDate "2019.10.17"]
[SourceVersion "1"]
[SourceVersionDate "2019.10.17"]
[SourceQuality "1"]
[WhiteTeam "Belgrade Bas (W)"]
[BlackTeam "Nova Varos Zlatar (W)"]
[WhiteTeamCountry "SRB"]
[BlackTeamCountry "SRB"]

1. d4 d5 2. Nf3 Nf6 3. e3 c6 4. Be2 Bf5 5. b3 e6 6. Bb2 Bb4+ 7. c3 Be7 8. 0-0 Nbd7 9. Nbd2 0-0 10. c4 Ne4 11. a3 h6 12. b4 g5 13. Re1 Ndf6 14. Ne5 Nxd2 15. Qxd2 Ne4 16. Qc1 f6 17. Nd3 Nd6 18. Nc5 Qc8 19. f3 b6 20. Nb3 Nxc4 21. Bxc4 dxc4 22. Qxc4 Qd7 23. Rac1 Rac8 24. Rc3 Qd5 25. Qa6 Qd7 26. Rec1 Rc7 27. Qe2 Rfc8 28. e4 Bg6 29. Qe3 Be8 30. R1c2 Bf8 31. Qc1 Qf7 32. b5 Bd6 33. bxc6 Bf4 34. Nd2 Bxd2 35. Qxd2 Rxc6 36. d5 Rxc3 37. Rxc3 Rxc3 38. Bxc3 e5 39. h4 Qc7 40. Kh2 Kf7 1/2-1/2

[Event "SRB-chT (Women)"]
[Site "Valjevo"]
[Date "2018.09.05"]
[Round "6.2"]
[White "Vuckovic, Lidija"]
[Black "Benderac, Ana"]
[Result "0-1"]
[WhiteElo "1834"]
[BlackElo "2239"]
[PlyCount "62"]
[EventDate "2018.08.31"]
[EventType "team-tourn"]
[EventRounds "11"]
[EventCountry "SRB"]
[SourceTitle "CBM 186 Extra"]
[Source "ChessBase"]
[SourceDate "2018.08.24"]
[SourceVersion "1"]
[SourceVersionDate "2018.08.24"]
[SourceQuality "1"]
[WhiteTeam "Zlatar (W)"]
[BlackTeam "BAS (W)"]
[WhiteTeamCountry "SRB"]
[BlackTeamCountry "SRB"]

1. d4 d6 2. Bf4 g6 3. Nf3 Bg7 4. c3 Nf6 5. h3 0-0 6. e3 Nbd7 7. Be2 b6 8. 0-0 Bb7 9. Nbd2 Re8 10. a4 c5 11. Nc4 a6 12. Bh2 Ne4 13. Nfd2 b5 14. axb5 axb5 15. Na3 b4 16. cxb4 cxd4 17. Nxe4 Bxe4 18. exd4 Qb6 19. Nb5 Rxa1 20. Qxa1 Bxd4 21. Nxd4 Qxd4 22. Qa4 Nf6 23. Qb3 Rc8 24. Rd1 Qb6 25. Re1 Bd5 26. Qe3 Qxb4 27. Bg4 Rc7 28. Bf4 h5 29. Bf3 Bxf3 30. gxf3 Nd5 31. Qe4 Rc4 0-1

[Event "SRB-chT (Women)"]
[Site "Novi Sad"]
[Date "2017.09.01"]
[Round "1.1"]
[White "Vuckovic, Lidija"]
[Black "Djordjevic, Snezana"]
[Result "1-0"]
[WhiteElo "1818"]
[BlackElo "1549"]
[PlyCount "100"]
[EventDate "2017.09.01"]
[EventType "team-tourn"]
[EventRounds "11"]
[EventCountry "SRB"]
[SourceTitle "CBM 180 Extra"]
[Source "ChessBase"]
[SourceDate "2017.10.06"]
[SourceVersion "1"]
[SourceVersionDate "2017.10.06"]
[SourceQuality "1"]
[WhiteTeam "Nova Varos Zlatar (W)"]
[BlackTeam "Cuprija Radnicki (W)"]
[WhiteTeamCountry "SRB"]
[BlackTeamCountry "SRB"]

1. d4 d5 2. Bf4 Nf6 3. e3 Bf5 4. Nf3 e6 5. Bd3 Ne4 6. c3 Nd7 7. Ne5 Bd6 8. Bb5 Bxe5 9. Bxd7+ Qxd7 10. Bxe5 0-0 11. Qe2 c5 12. f3 Nd6 13. dxc5 Nc4 14. Bg3 Rac8 15. e4 Bg6 16. Bf2 Rfd8 17. b3 Ne5 18. 0-0 dxe4 19. fxe4 Qd3 20. Qxd3 Nxd3 21. Bh4 Re8 22. Nd2 Rxc5 23. c4 a6 24. Rf3 Nb4 25. a3 Nc6 26. Rd3 Rh5 27. Bf2 Ne5 28. Rd6 Ng4 29. Bg3 Ne5 30. Bf2 Ng4 31. Bg3 Ne5 32. h3 h6 33. Kf2 f6 34. Rd1 Kf7 35. Ke3 Rg5 36. Kf2 Re7 37. Bf4 Rh5 38. Be3 Nc6 39. Rh1 Ra5 40. a4 Re5 41. Bf4 Rc5 42. Rc1 f5 43. Ke3 e5 44. Bh2 f4+ 45. Kd3 Nb4+ 46. Ke2 Re6 47. Rd7+ Re7 48. Rd6 Re6 49. Rd7+ Re7 50. Rxe7+ Kxe7 1-0

[Event "SRB-chT (Women)"]
[Site "Valjevo"]
[Date "2012.09.22"]
[Round "6.4"]
[White "Drljevic, Ljilja"]
[Black "Vuckovic, Lidija"]
[Result "1/2-1/2"]
[WhiteElo "2177"]
[BlackElo "1768"]
[PlyCount "92"]
[EventDate "2012.09.17"]
[EventType "team-tourn"]
[EventRounds "11"]
[EventCountry "SRB"]
[SourceTitle "CBM 150 Extra"]
[Source "ChessBase"]
[SourceDate "2012.10.19"]
[SourceVersion "1"]
[SourceVersionDate "2012.10.19"]
[SourceQuality "1"]
[WhiteTeam "Belgrade BAS (W)"]
[BlackTeam "Nova Varos (W)"]
[WhiteTeamCountry "SRB"]
[BlackTeamCountry "SRB"]

1. e4 d5 2. exd5 Qxd5 3. Nc3 Qa5 4. d4 Nf6 5. Bc4 Bg4 6. f3 Bh5 7. Bd2 Qb6 8. d5 c6 9. Qe2 cxd5 10. Bb5+ Nc6 11. g4 Bg6 12. g5 Nd7 13. Nxd5 Qd8 14. Bc3 a6 15. Bxc6 bxc6 16. Nf4 Bf5 17. Nh5 Rg8 18. 0-0-0 Qb6 19. Qd2 Qb7 20. Ne2 e5 21. Rhe1 Be6 22. Qd3 Be7 23. f4 g6 24. Nhg3 0-0-0 25. Ne4 Nc5 26. Nxc5 Bxc5 27. Qg3 exf4 28. Nxf4 Bxa2 29. Nd3 Bd6 30. Be5 Bxe5 31. Rxe5 Be6 32. Rde1 Qc7 33. Nc5 Rge8 34. R1e3 Rd6 35. Re1 Red8 36. b3 a5 37. Qc3 Qb6 38. Nxe6 fxe6 39. Rxe6 Rxe6 40. Rxe6 Kc7 41. Re7+ Rd7 42. Qe5+ Kc8 43. Re8+ Rd8 44. Qe6+ Kb8 45. Kb2 Qd4+ 46. Ka2 Rxe8 1/2-1/2

[Event "SRB-chT2 West CS"]
[Site "Serbia"]
[Date "2011.10.15"]
[Round "10.2"]
[White "Obradovic, Blazimir"]
[Black "Vuckovic, Lidija"]
[Result "1/2-1/2"]
[WhiteElo "2183"]
[BlackElo "1752"]
[PlyCount "25"]
[EventDate "2011.09.11"]
[EventType "team"]
[EventRounds "11"]
[EventCountry "SRB"]
[SourceTitle "EXT 2015"]
[Source "ChessBase"]
[SourceDate "2014.11.20"]
[SourceVersion "1"]
[SourceVersionDate "2014.11.20"]
[SourceQuality "1"]

1. d4 Nf6 2. c4 e6 3. Nc3 c5 4. d5 exd5 5. cxd5 d6 6. e4 g6 7. f4 Bg7 8. Nf3 0-0 9. Be2 a6 10. a4 Bg4 11. 0-0 Nbd7 12. h3 Bxf3 13. Bxf3 1/2-1/2

[Event "SRB-chT2 West CS"]
[Site "Serbia"]
[Date "2011.10.13"]
[Round "6.2"]
[White "Vuckovic, Lidija"]
[Black "Peric, Slavisa"]
[Result "0-1"]
[WhiteElo "1752"]
[BlackElo "2205"]
[PlyCount "94"]
[EventDate "2011.09.11"]
[EventType "team"]
[EventRounds "11"]
[EventCountry "SRB"]
[SourceTitle "EXT 2015"]
[Source "ChessBase"]
[SourceDate "2014.11.20"]
[SourceVersion "1"]
[SourceVersionDate "2014.11.20"]
[SourceQuality "1"]

1. d4 d5 2. Nf3 Nf6 3. Bf4 e6 4. e3 Bd6 5. Bxd6 Qxd6 6. Nbd2 c5 7. c3 Nc6 8. Bd3 0-0 9. 0-0 e5 10. dxe5 Nxe5 11. Nxe5 Qxe5 12. Qf3 Bg4 13. Qg3 Qxg3 14. hxg3 Rfd8 15. Nf3 Rd6 16. Rac1 Rad8 17. Ne5 Bh5 18. Rfe1 Re8 19. Nf3 Ne4 20. Be2 Bg4 21. Rcd1 Red8 22. Nd2 Be6 23. Nf3 Rb6 24. Rb1 g5 25. Red1 Rbd6 26. Kf1 h6 27. Rbc1 Kg7 28. Nd2 f5 29. Ke1 Nf6 30. Nb3 b6 31. Nd2 g4 32. b3 Bd7 33. Nb1 Bc6 34. Kf1 h5 35. Na3 a6 36. Nc2 Ne4 37. Ne1 a5 38. Nd3 Rh8 39. Nf4 h4 40. gxh4 Rxh4 41. Ke1 Rh1+ 42. Bf1 Bb5 43. c4 dxc4 44. Rxd6 Nxd6 45. Ne6+ Kf6 46. Nc7 Bc6 47. bxc4 Bxg2 0-1

[Event "SRB-chT (Women)"]
[Site "Valjevo"]
[Date "2011.09.01"]
[Round "6.1"]
[White "Eric, Jovana"]
[Black "Vuckovic, Lidija"]
[Result "1-0"]
[WhiteElo "2282"]
[BlackElo "1752"]
[PlyCount "75"]
[EventDate "2011.08.27"]
[EventType "team-tourn"]
[EventRounds "11"]
[EventCountry "SRB"]
[SourceTitle "CBM 144 Extra"]
[Source "ChessBase"]
[SourceDate "2011.10.28"]
[SourceVersion "1"]
[SourceVersionDate "2011.10.28"]
[SourceQuality "1"]
[WhiteTeam "Belgrade Rad (W)"]
[BlackTeam "Nova Varos (W)"]
[WhiteTeamCountry "SRB"]
[BlackTeamCountry "SRB"]

1. e4 c5 2. Nf3 Nc6 3. Nc3 g6 4. d4 cxd4 5. Nxd4 Bg7 6. Nb3 Nf6 7. Be2 0-0 8. 0-0 d6 9. Bg5 b6 10. Bb5 Bb7 11. Qe2 a6 12. Bxc6 Bxc6 13. Nd4 Bb7 14. Rad1 Qc7 15. f4 Rfe8 16. f5 b5 17. a3 Qc5 18. Be3 Qc8 19. Qf3 Rf8 20. Kh1 Nd7 21. Qh3 Nf6 22. Qh4 h5 23. h3 e5 24. fxe6 fxe6 25. Qg3 e5 26. Nf3 Nxe4 27. Nxe4 Bxe4 28. Rxd6 Qxc2 29. Kh2 Qxb2 30. Rd7 Qxa3 31. Rxg7+ Kxg7 32. Qxe5+ Kg8 33. Qe6+ Kg7 34. Bd4+ Kh6 35. Qxe4 Rae8 36. Qc6 Qd3 37. Qc1+ Kh7 38. Qc7+ 1-0

[Event "SRB-chT (Women)"]
[Site "Valjevo"]
[Date "2011.08.27"]
[Round "1.1"]
[White "Milanovic, Maja"]
[Black "Vuckovic, Lidija"]
[Result "1/2-1/2"]
[WhiteElo "1863"]
[BlackElo "1752"]
[PlyCount "80"]
[EventDate "2011.08.27"]
[EventType "team-tourn"]
[EventRounds "11"]
[EventCountry "SRB"]
[SourceTitle "CBM 144 Extra"]
[Source "ChessBase"]
[SourceDate "2011.10.28"]
[SourceVersion "1"]
[SourceVersionDate "2011.10.28"]
[SourceQuality "1"]
[WhiteTeam "Belgrade Nestor (W)"]
[BlackTeam "Nova Varos (W)"]
[WhiteTeamCountry "SRB"]
[BlackTeamCountry "SRB"]

1. e4 c5 2. Nf3 Nc6 3. d4 cxd4 4. Nxd4 g6 5. Nc3 Bg7 6. Be3 Nf6 7. Bc4 Qa5 8. 0-0 0-0 9. Bb3 d6 10. h3 Bd7 11. f4 Nxd4 12. Bxd4 Bc6 13. Re1 Nd7 14. Bxg7 Kxg7 15. Qd4+ Kg8 16. Bd5 Qb6 17. Qxb6 Nxb6 18. Rad1 Rfe8 19. e5 dxe5 20. Rxe5 Rac8 21. Bb3 a6 22. Rde1 Kf8 23. Ne4 Nd7 24. Ra5 Bxe4 25. Rxe4 Nc5 26. Re2 Nxb3 27. axb3 Red8 28. Rae5 Rc7 29. Kf2 e6 30. R5e4 Rd5 31. Rb4 Rd6 32. g3 h6 33. Rc4 Rdc6 34. Ree4 Ke7 35. Ke3 b5 36. Rxc6 Rxc6 37. c3 Rc5 38. Re5 Rc6 39. Re4 Rc5 40. Re5 Rc6 1/2-1/2

[Event "SRB-chT (Women)"]
[Site "Novi Sad"]
[Date "2010.09.02"]
[Round "11"]
[White "Rakic, Marija"]
[Black "Vuckovic, Lidija"]
[Result "1-0"]
[WhiteElo "2317"]
[BlackElo "1738"]
[PlyCount "101"]
[EventDate "2010.08.23"]
[EventType "team-tourn"]
[EventRounds "11"]
[EventCountry "YUG"]
[SourceTitle "CBM 138 Extra"]
[Source "ChessBase"]
[SourceDate "2010.10.29"]
[SourceVersion "1"]
[SourceVersionDate "2010.10.29"]
[SourceQuality "1"]

1. d4 Nf6 2. Bf4 e6 3. e3 d5 4. Nf3 c5 5. Be2 Nc6 6. 0-0 Be7 7. h3 0-0 8. c3 b6 9. Nbd2 Bb7 10. Qc2 Re8 11. Rad1 cxd4 12. exd4 Rc8 13. Rfe1 Bd6 14. Bxd6 Qxd6 15. Bb5 a6 16. Bxc6 Bxc6 17. Ne5 b5 18. Re3 a5 19. Nb3 Qc7 20. Nxc6 Qxc6 21. Nxa5 Qc7 22. Nb3 b4 23. Qe2 bxc3 24. Rxc3 Qa7 25. Rdc1 Rb8 26. Ra1 Ne4 27. Rcc1 Qb6 28. Rc2 Qb4 29. Qd1 Nd6 30. Nc5 Ra8 31. a3 Qb5 32. b3 Reb8 33. Rc3 Ra7 34. Nd3 h6 35. Ne5 Ne4 36. Rcc1 Ra6 37. b4 Rba8 38. Qf3 f6 39. Ng6 Nd2 40. Qg3 Nc4 41. Nf4 Rxa3 42. Rxa3 Rxa3 43. Qg4 Ra6 44. Nh5 Qb7 45. b5 Rb6 46. Nxf6+ Kf7 47. Nh5 g5 48. Qf3+ Kg6 49. Qf6+ Kh7 50. Ra1 Nd2 51. Ra8 1-0

[Event "SRB-chT (Women)"]
[Site "Pozarevac"]
[Date "2009.09.21"]
[Round "8"]
[White "Vuckovic, Lidija"]
[Black "Velickovski Nejkovic, Maja"]
[Result "0-1"]
[WhiteElo "1739"]
[BlackElo "2187"]
[PlyCount "70"]
[EventDate "2009.09.14"]
[EventType "team-tourn"]
[EventRounds "9"]
[EventCountry "YUG"]
[SourceTitle "CBM 132 Extra"]
[Source "ChessBase"]
[SourceDate "2009.11.03"]
[SourceVersion "1"]
[SourceVersionDate "2009.11.03"]
[SourceQuality "1"]

1. d4 d6 2. c4 Nf6 3. Nc3 c6 4. e4 Qc7 5. Nf3 e5 6. Be2 Be7 7. 0-0 0-0 8. Rb1 a5 9. a3 Bg4 10. d5 Bh5 11. Qc2 cxd5 12. cxd5 Nbd7 13. Nh4 Bg6 14. Nxg6 hxg6 15. Be3 Rfc8 16. Rfc1 Nc5 17. f3 Nfd7 18. Qd1 a4 19. Nb5 Qb6 20. b4 axb3 21. Rxb3 Bg5 22. Kf1 Bxe3 23. Rxe3 Rf8 24. Rec3 f5 25. exf5 gxf5 26. Rb1 Rf6 27. Qc2 Rh6 28. h3 Rf8 29. Nd4 Qa7 30. Nxf5 Rhf6 31. Ne3 e4 32. Ke1 exf3 33. Bxf3 Re8 34. Kd1 Na4 35. Rc8 Qd4+ 0-1

[Event "SRB-chT (Women)"]
[Site "Pozarevac"]
[Date "2009.09.16"]
[Round "3"]
[White "Vuckovic, Lidija"]
[Black "Zivanovic, Natalija"]
[Result "1/2-1/2"]
[WhiteElo "1739"]
[BlackElo "1566"]
[PlyCount "86"]
[EventDate "2009.09.14"]
[EventType "team-tourn"]
[EventRounds "9"]
[EventCountry "YUG"]
[SourceTitle "CBM 132 Extra"]
[Source "ChessBase"]
[SourceDate "2009.11.03"]
[SourceVersion "1"]
[SourceVersionDate "2009.11.03"]
[SourceQuality "1"]

1. d4 Nf6 2. Nf3 e6 3. Bf4 b6 4. e3 Bb7 5. Bd3 c5 6. Qe2 Be7 7. h3 d5 8. c3 Nc6 9. Ba6 Bxa6 10. Qxa6 Qc8 11. Qd3 c4 12. Qc2 0-0 13. Nbd2 b5 14. 0-0 a5 15. e4 dxe4 16. Nxe4 Nd5 17. Bd6 Bxd6 18. Nxd6 Qb8 19. Ne4 Re8 20. Nc5 Qc7 21. Rfe1 e5 22. dxe5 Nxe5 23. Nxe5 Rxe5 24. Rxe5 Qxe5 25. Qe4 Re8 26. Re1 Qxe4 27. Rxe4 Rxe4 28. Nxe4 b4 29. Nd2 bxc3 30. bxc3 Nxc3 31. Nxc4 Nxa2 32. Nxa5 g6 33. g3 Nc3 34. Kg2 Kg7 35. Nc4 f5 36. f3 Nd5 37. f4 Kf6 38. Kf3 h6 39. Nb2 Nc3 40. Nd3 Ne4 41. Nb4 Nc3 42. Nd3 Ne4 43. Nb4 Nc3 1/2-1/2

[Event "SRB-chT2 West"]
[Site "Serbia"]
[Date "2008.10.12"]
[Round "5.6"]
[White "Vuckovic, Lidija"]
[Black "Ikic, Alija"]
[Result "0-1"]
[WhiteElo "1766"]
[BlackElo "2142"]
[PlyCount "81"]
[EventDate "2008.09.14"]
[EventType "team"]
[EventRounds "11"]
[EventCountry "SRB"]
[SourceTitle "EXT 2012"]
[Source "ChessBase"]
[SourceDate "2011.11.24"]
[SourceVersion "1"]
[SourceVersionDate "2011.11.24"]
[SourceQuality "1"]

1. d4 Nf6 2. c4 g6 3. Nc3 Bg7 4. e4 d6 5. f3 0-0 6. Bg5 c5 7. d5 Re8 8. Qd2 Nbd7 9. Nh3 a6 10. Nf2 Rb8 11. a4 Ne5 12. Be2 Qa5 13. Rb1 Qb4 14. b3 h6 15. Na2 Qxd2+ 16. Bxd2 Bd7 17. Nc3 g5 18. h4 Nh7 19. hxg5 hxg5 20. Rh5 f6 21. Rc1 Nf8 22. f4 gxf4 23. Bxf4 Nfg6 24. Be3 Kf7 25. Kd2 Rh8 26. Rch1 Rxh5 27. Rxh5 Kg8 28. g4 Kf7 29. Rh7 Nf8 30. Rh2 Nfg6 31. Rh7 Kg8 32. Rh5 e6 33. Bh6 Bxh6+ 34. Rxh6 Kg7 35. Rh1 Nf4 36. Bd1 b5 37. dxe6 Nxe6 38. axb5 axb5 39. cxb5 Bxb5 40. Nxb5 Rxb5 41. Kc3 0-1